El sentido del cine

Saved in:
Bibliographic Details
Main Author: Eisenstein, Sergei (Author)
Format: Book
Language:Spanish
Published: Buenos Aires Lautaro 1941
Subjects:
Tags: Add Tag
No Tags, Be the first to tag this record!

MARC

LEADER 00000cam a2200000 a 4500
001 UCY0115
003 CL-VaPUC
008 940713e19410000AG |||||||||||||||||spa|d
082 0 4 |a 791.4  |b EIS  |2 21 
100 |a Eisenstein, Sergei  |e author  |9 602473 
245 1 3 |a El sentido del cine 
300 |a 257 p 
942 |c BK 
945 |d 19940713 00:00:00  |a oaravena 
260 |a Buenos Aires  |b Lautaro  |c 1941 
650 0 |a Cine  |9 225706 
650 0 |a Cinematografía  |9 265198 
583 |a last modification  |c 20190505 06:02:47  |k Rodrigo Vera 
999 |c 229200  |d 229198 
952 |0 0  |1 0  |4 0  |6 791_400000000000000_EIS_1941  |7 0  |8 A  |9 230021  |a BIBARQ  |b BIBARQ  |d 2019-11-15  |i 2991128  |l 1  |o 791.4 EIS 1941  |p 2991128  |r 2025-01-20  |s 2024-09-09  |w 2019-11-15  |y BK  |k ARQ 
952 |0 0  |1 0  |3 erb  |4 0  |6 791_400000000000000_EIS_1941  |7 0  |8 A  |9 230022  |a BIBART  |b BIBART  |i 5545447  |o 791.4 EIS 1941  |p 5545447  |r 2025-03-13  |w 2019-11-15  |y BK  |z Catalogado en:20190505  |k ART